[Event "Niederbayernliga 1516"]
[Site "Bayern"]
[Date "2016.02.21"]
[Round "7.5"]
[White "Ebner, Johannes"]
[Black "Haehnlein, Kurt"]
[Result "1/2-1/2"]
[WhiteElo "1777"]
[BlackElo "1826"]
[PlyCount "35"]
[EventDate "2015.10.11"]
[EventType "team-tourn"]
[EventRounds "9"]
[EventCountry "GER"]
[SourceTitle "EXT 2023"]
[Source "ChessBase"]
[SourceDate "2022.10.05"]
[SourceVersion "1"]
[SourceVersionDate "2022.10.05"]
[SourceQuality "1"]
[WhiteTeam "Grafenau"]
[BlackTeam "Landau Dingolfing"]
[WhiteTeamCountry "GER"]
[BlackTeamCountry "GER"]

1. e4 e5 2. Nf3 Nc6 3. Bb5 g6 4. d3 Bg7 5. Nc3 Nge7 6. Bg5 f6 7. Bd2 0-0 8. Bc4+ Kh8 9. Nd5 d6 10. Nxe7 Nxe7 11. 0-0 d5 12. exd5 Nxd5 13. Qc1 Bg4 14. Bh6 Bxf3 15. Bxg7+ Kxg7 16. gxf3 Nf4 17. Qe3 Qd6 18. Kh1 1/2-1/2

[Event "Niederbayernliga 1415"]
[Site "Bayern"]
[Date "2015.02.22"]
[Round "7.5"]
[White "Haehnlein, Kurt"]
[Black "Ebner, Johannes"]
[Result "1/2-1/2"]
[WhiteElo "1853"]
[BlackElo "1783"]
[PlyCount "43"]
[EventDate "2014.10.19"]
[EventType "team-tourn"]
[EventRounds "9"]
[EventCountry "GER"]
[SourceTitle "EXT 2023"]
[Source "ChessBase"]
[SourceDate "2022.10.05"]
[SourceVersion "1"]
[SourceVersionDate "2022.10.05"]
[SourceQuality "1"]
[WhiteTeam "Landau Dingolfing"]
[BlackTeam "Grafenau"]
[WhiteTeamCountry "GER"]
[BlackTeamCountry "GER"]

1. d4 d5 2. Nf3 e6 3. e3 Nf6 4. Bd3 c5 5. b3 Nbd7 6. Nbd2 Be7 7. 0-0 0-0 8. Bb2 b6 9. Ne5 Nxe5 10. dxe5 Ne8 11. f4 g6 12. Nf3 Ng7 13. Qe2 Bb7 14. Rad1 Qc7 15. Rc1 Rfd8 16. c4 dxc4 17. Bxc4 Be4 18. Rfd1 Rxd1+ 19. Rxd1 Rd8 20. Kf2 Rxd1 21. Qxd1 Qd8 22. Qxd8+ 1/2-1/2

[Event "Niederbayernliga 1415"]
[Site "Bayern"]
[Date "2015.01.31"]
[Round "6.5"]
[White "Reich, Christian"]
[Black "Haehnlein, Kurt"]
[Result "1-0"]
[WhiteElo "1623"]
[BlackElo "1853"]
[PlyCount "77"]
[EventDate "2014.10.19"]
[EventType "team-tourn"]
[EventRounds "9"]
[EventCountry "GER"]
[SourceTitle "EXT 2023"]
[Source "ChessBase"]
[SourceDate "2022.10.05"]
[SourceVersion "1"]
[SourceVersionDate "2022.10.05"]
[SourceQuality "1"]
[WhiteTeam "Straubing SC"]
[BlackTeam "Landau Dingolfing"]
[WhiteTeamCountry "GER"]
[BlackTeamCountry "GER"]

1. e4 e5 2. Nf3 Nc6 3. Bc4 Bc5 4. Nc3 Nf6 5. d3 h6 6. Be3 Bb6 7. 0-0 d6 8. h3 a6 9. a3 0-0 10. b4 Be6 11. Nd5 Bxd5 12. Bxd5 Nxd5 13. exd5 Ne7 14. c4 c6 15. dxc6 bxc6 16. Qd2 Nf5 17. g4 Nxe3 18. fxe3 f5 19. Kg2 Qe7 20. e4 fxg4 21. hxg4 Rf4 22. Nh2 Raf8 23. Rxf4 exf4 24. Rf1 Be3 25. Qe2 Qf6 26. Qc2 h5 27. Kf3 Qe5 28. Qg2 d5 29. cxd5 cxd5 30. gxh5 dxe4+ 31. dxe4 Re8 32. Qg6 Re6 33. Qf5 Qd6 34. Ng4 Bb6 35. Qd5 Qe7 36. Rc1 Kh7 37. Qf5+ g6 38. hxg6+ Rxg6 39. Rc6 1-0

[Event "Niederbayernliga 1415"]
[Site "Bayern"]
[Date "2014.11.09"]
[Round "2.5"]
[White "Gabler, Eric"]
[Black "Haehnlein, Kurt"]
[Result "1-0"]
[WhiteElo "1908"]
[BlackElo "1853"]
[PlyCount "117"]
[EventDate "2014.10.19"]
[EventType "team-tourn"]
[EventRounds "9"]
[EventCountry "GER"]
[SourceTitle "EXT 2023"]
[Source "ChessBase"]
[SourceDate "2022.10.05"]
[SourceVersion "1"]
[SourceVersionDate "2022.10.05"]
[SourceQuality "1"]
[WhiteTeam "Geiselhoering"]
[BlackTeam "Landau Dingolfing"]
[WhiteTeamCountry "GER"]
[BlackTeamCountry "GER"]

1. d4 d5 2. Nf3 Nf6 3. c4 c6 4. Nc3 Bf5 5. Bf4 e6 6. e3 Bb4 7. a3 Bxc3+ 8. bxc3 0-0 9. Bg3 Ne4 10. Rc1 Nd7 11. Be2 dxc4 12. Bxc4 Nb6 13. Bd3 Nd5 14. Bxe4 Bxe4 15. 0-0 Qa5 16. c4 Nf6 17. Bd6 Rfe8 18. Ne5 Rad8 19. Bb4 Qc7 20. f3 Bg6 21. e4 Nd7 22. Nd3 e5 23. d5 c5 24. Bd2 f6 25. Rb1 Rb8 26. Qe2 f5 27. Nf2 b6 28. Rb3 Nf6 29. Bg5 Nd7 30. exf5 Bxf5 31. Re3 a6 32. a4 Qd6 33. Re1 b5 34. axb5 axb5 35. g4 Bg6 36. cxb5 Qxd5 37. Rd1 Qf7 38. Nd3 Qc4 39. Nf2 Qf7 40. Ra3 Rb7 41. Ne4 Bxe4 42. Qxe4 Nb6 43. Rc3 c4 44. Rd6 Nc8 45. Rd5 h6 46. Be3 Rd7 47. Rxd7 Qxd7 48. Qxc4+ Kh8 49. Rd3 Qe7 50. b6 Qb7 51. Qd5 Qa6 52. b7 Nb6 53. Qc6 Rf8 54. Rd2 Qa1+ 55. Kg2 e4 56. Qxe4 Qe1 57. Bf4 Qc1 58. Qc2 Qa3 59. b8Q 1-0

[Event "Regionalliga SO 1314"]
[Site "Bayern"]
[Date "2013.12.15"]
[Round "4.4"]
[White "Krause, Christian"]
[Black "Haehnlein, Kurt"]
[Result "1-0"]
[WhiteElo "1990"]
[BlackElo "1853"]
[PlyCount "87"]
[EventDate "2013.10.13"]
[EventType "team-tourn"]
[EventRounds "9"]
[EventCountry "GER"]
[SourceTitle "EXT 2015"]
[Source "ChessBase"]
[SourceDate "2014.11.20"]
[SourceVersion "1"]
[SourceVersionDate "2014.11.20"]
[SourceQuality "1"]
[WhiteTeam "Ebersberg Grafing"]
[BlackTeam "Landau Dingolfing"]
[WhiteTeamCountry "GER"]
[BlackTeamCountry "GER"]

1. g3 d5 2. Nf3 Nf6 3. Bg2 b6 4. 0-0 e6 5. d3 Be7 6. c3 0-0 7. Qc2 Bb7 8. Nbd2 Nbd7 9. e4 dxe4 10. Nxe4 Qc8 11. Nxf6+ Bxf6 12. Ng5 Bxg5 13. Bxg5 Bxg2 14. Kxg2 Qb7+ 15. f3 Qd5 16. Be3 Nf6 17. d4 Qc6 18. Rac1 Nd5 19. Bd2 a5 20. a3 Ne7 21. Rfe1 Rfe8 22. c4 Rad8 23. Qd3 Qd7 24. Bc3 c5 25. Rcd1 Qa4 26. Qe2 Qc6 27. Qe5 Ng6 28. Qxg7+ Kxg7 29. d5+ e5 30. dxc6 Rc8 31. f4 Rxc6 32. f5 Nf8 33. Bxe5+ Kg8 34. Kf3 f6 35. Bf4 Rxe1 36. Rxe1 Kf7 37. g4 Rc8 38. Rd1 Ke8 39. Rd6 Nd7 40. h4 Ke7 41. Re6+ Kf7 42. Bd6 Re8 43. Rxe8 Kxe8 44. Ke4 1-0

[Event "Niederbayernliga 1112"]
[Site "Bayern"]
[Date "2012.??.??"]
[Round "8"]
[White "Eberle, Anton"]
[Black "Haehnlein, Kurt"]
[Result "1/2-1/2"]
[WhiteElo "1717"]
[BlackElo "1835"]
[PlyCount "35"]
[EventDate "2011.10.??"]
[EventType "team-tourn"]
[EventRounds "9"]
[EventCountry "GER"]
[SourceTitle "EXT 2023"]
[Source "ChessBase"]
[SourceDate "2022.10.05"]
[SourceVersion "1"]
[SourceVersionDate "2022.10.05"]
[SourceQuality "1"]
[WhiteTeam "Roehrnbach"]
[BlackTeam "Landau Dingolfing"]
[WhiteTeamCountry "GER"]
[BlackTeamCountry "GER"]

1. c4 Nf6 2. Nc3 e6 3. g3 b6 4. Bg2 c6 5. d4 d5 6. cxd5 exd5 7. Nf3 Bd6 8. 0-0 0-0 9. Ne5 Bb7 10. e4 Nxe4 11. Nxe4 dxe4 12. Bxe4 Bxe5 13. dxe5 Qe7 14. Re1 Rd8 15. Qh5 g6 16. Qg5 Qxg5 17. Bxg5 Re8 18. Bg2 1/2-1/2

[Event "Niederbayernliga 1112"]
[Site "Bayern"]
[Date "2012.??.??"]
[Round "6"]
[White "Haehnlein, Kurt"]
[Black "Westenthanner, Paul"]
[Result "1-0"]
[WhiteElo "1835"]
[BlackElo "1664"]
[PlyCount "45"]
[EventDate "2011.10.??"]
[EventType "team-tourn"]
[EventRounds "9"]
[EventCountry "GER"]
[SourceTitle "EXT 2023"]
[Source "ChessBase"]
[SourceDate "2022.10.05"]
[SourceVersion "1"]
[SourceVersionDate "2022.10.05"]
[SourceQuality "1"]
[WhiteTeam "Landau Dingolfing"]
[BlackTeam "Landshut II"]
[WhiteTeamCountry "GER"]
[BlackTeamCountry "GER"]

1. d4 d5 2. c4 c6 3. Nf3 Nf6 4. e3 e6 5. Bd3 Bd6 6. b3 Qa5+ 7. Bd2 Qc7 8. c5 Be7 9. 0-0 Nbd7 10. Qc2 e5 11. dxe5 Nxe5 12. Nxe5 Qxe5 13. Bc3 Qg5 14. f4 Qh5 15. Bd4 g5 16. Qc3 Ng4 17. h3 Rg8 18. hxg4 Bxg4 19. f5 Bh3 20. Rf2 g4 21. g3 Bh4 22. Be5 0-0-0 23. Qa5 1-0

[Event "Niederbayernliga 1011"]
[Site "Germany"]
[Date "2011.04.10"]
[Round "9.5"]
[White "Haehnlein, Kurt"]
[Black "Haider, Andreas"]
[Result "1-0"]
[WhiteElo "1814"]
[BlackElo "1530"]
[PlyCount "63"]
[EventDate "2010.10.10"]
[EventType "team-tourn"]
[EventRounds "9"]
[EventCountry "GER"]
[SourceTitle "EXT 2012"]
[Source "ChessBase"]
[SourceDate "2011.11.24"]
[SourceVersion "1"]
[SourceVersionDate "2011.11.24"]
[SourceQuality "1"]
[WhiteTeam "Adlkofen"]
[BlackTeam "Aham"]
[WhiteTeamCountry "GER"]
[BlackTeamCountry "GER"]

1. c4 g6 2. d4 Bg7 3. Nc3 Nc6 4. Nf3 d6 5. h3 e5 6. d5 Nce7 7. e4 Bd7 8. Be2 c5 9. 0-0 f5 10. Ng5 h6 11. Ne6 Bxe6 12. dxe6 a6 13. exf5 Nxf5 14. Bf3 Rb8 15. Bd5 Nf6 16. f4 Nxd5 17. Nxd5 h5 18. Qd3 Qh4 19. e7 Kd7 20. Bd2 exf4 21. Bc3 Bxc3 22. bxc3 Qg3 23. Rf3 Qg5 24. Rd1 Nh4 25. Rf2 f3 26. Nb6+ Kxe7 27. Qxd6+ Kf7 28. Qc7+ Qe7 29. Rd7 Rbe8 30. Nd5 Qxd7 31. Qxd7+ Kf8 32. Qd6+ 1-0

[Event "Niederbayernliga 1112"]
[Site "Bayern"]
[Date "2011.??.??"]
[Round "4"]
[White "Grimm, Markus"]
[Black "Haehnlein, Kurt"]
[Result "1/2-1/2"]
[WhiteElo "1829"]
[BlackElo "1835"]
[PlyCount "52"]
[EventDate "2011.10.??"]
[EventType "team-tourn"]
[EventRounds "9"]
[EventCountry "GER"]
[SourceTitle "EXT 2023"]
[Source "ChessBase"]
[SourceDate "2022.10.05"]
[SourceVersion "1"]
[SourceVersionDate "2022.10.05"]
[SourceQuality "1"]
[WhiteTeam "Straubing SC"]
[BlackTeam "Landau Dingolfing"]
[WhiteTeamCountry "GER"]
[BlackTeamCountry "GER"]

1. e4 d5 2. exd5 Qxd5 3. Nc3 Qd6 4. d4 Nf6 5. Nf3 c6 6. Be2 Bf5 7. 0-0 e6 8. Bg5 Be7 9. Qd2 h6 10. Bf4 Qd8 11. Rfe1 0-0 12. Bd3 Bxd3 13. Qxd3 Nbd7 14. Rad1 Nb6 15. Ne4 Nxe4 16. Qxe4 Qd5 17. Qxd5 cxd5 18. c3 Rac8 19. Ne5 Rfd8 20. Re2 Bd6 21. Nd3 Bxf4 22. Nxf4 Nc4 23. Nd3 Nd6 24. f3 Nc4 25. Ne5 Nd6 26. Red2 Nc4 1/2-1/2

[Event "Niederbayernliga 0910"]
[Site "Germany"]
[Date "2010.03.21"]
[Round "8.3"]
[White "Haehnlein, Kurt"]
[Black "Berisha, Regjep"]
[Result "1/2-1/2"]
[WhiteElo "1876"]
[BlackElo "1878"]
[PlyCount "106"]
[EventDate "2009.10.18"]
[EventType "team-tourn"]
[EventRounds "9"]
[EventCountry "GER"]
[SourceTitle "EXT 2011"]
[Source "ChessBase"]
[SourceDate "2010.11.26"]
[SourceVersion "1"]
[SourceVersionDate "2010.11.26"]
[SourceQuality "1"]
[WhiteTeam "Landau Dingolfing"]
[BlackTeam "Roehrnbach"]
[WhiteTeamCountry "GER"]
[BlackTeamCountry "GER"]

1. d4 g6 2. e4 Bg7 3. c3 d6 4. f4 Nf6 5. Bd3 e5 6. Nf3 exd4 7. cxd4 0-0 8. 0-0 c5 9. d5 c4 10. Bc2 Ng4 11. Qd2 Qb6+ 12. Kh1 Bxb2 13. Bxb2 Qxb2 14. Nc3 Qb6 15. Nd4 Re8 16. h3 Nf6 17. Rab1 Qd8 18. Ndb5 a6 19. Nxd6 Qxd6 20. e5 Qd8 21. exf6 Nd7 22. f5 Nxf6 23. fxg6 fxg6 24. Qf4 Rf8 25. Qxc4 b5 26. Qc6 Ra7 27. d6 Bb7 28. Qc5 Qd7 29. Bb3+ Kg7 30. Bd5 Raa8 31. Bxb7 Qxb7 32. Rbe1 Rae8 33. Rxe8 Rxe8 34. Qd4 Qf7 35. d7 Rd8 36. Ne4 Rxd7 37. Qxf6+ Qxf6 38. Rxf6 Rd4 39. Re6 Ra4 40. Nc5 Rxa2 41. Nxa6 Ra1+ 42. Kh2 h5 43. Rb6 Rb1 44. h4 Kf7 45. Kg3 Rb2 46. Kf3 Kg7 47. g3 Rb3+ 48. Kf4 Kh6 49. Rb7 Rb1 50. Nc5 Rf1+ 51. Ke5 Rf5+ 52. Kd4 g5 53. Rxb5 gxh4 1/2-1/2